| 000 | 00607nam a2200169 4500 | ||
|---|---|---|---|
| 001 | 144263 | ||
| 003 | ES-MaACL | ||
| 007 | t| | ||
| 008 | 070214s1971 sp r ||||1| spa d | ||
| 100 | 1 |
_aSinger, Ferdinand L. _9106623 |
|
| 245 | 1 | 0 |
_aResistencia de materiales / _cFerdinand L. Singer ; [traducción y adaptación: Raimundo Gaspar Torrent, Angel Gutiérrez Vázquez]. |
| 260 |
_aMadrid : _bEd. del Castillo, _c1971 ( _fGrefol) |
||
| 300 |
_a636 p. : _bil. ; _c24 cm. |
||
| 700 | 1 |
_aGaspar Torrent, Raimundo. _955887 |
|
| 700 | 1 |
_aGutiérrez Vázquez, Angel. _961233 |
|
| 852 |
_aES-MaACL _jE-7607 _bR.91852 |
||
| 999 |
_c144263 _d144263 |
||